[Event "SVK-chT2D 1516"]
[Site "Slovakia"]
[Date "2016.03.13"]
[Round "11.1"]
[White "Nemergut, Patrik"]
[Black "Balazs, Ladislav"]
[Result "0-1"]
[WhiteElo "2041"]
[BlackElo "2068"]
[PlyCount "74"]
[EventDate "2015.10.17"]
[EventType "team-tourn"]
[EventRounds "11"]
[EventCountry "SVK"]
[SourceTitle "EXT 2017"]
[Source "ChessBase"]
[SourceDate "2016.10.25"]
[SourceVersion "1"]
[SourceVersionDate "2016.10.25"]
[SourceQuality "1"]
[WhiteTeam "Stara Lubovna SO II"]
[BlackTeam "Kosice Dynamo"]
[WhiteTeamCountry "SVK"]
[BlackTeamCountry "SVK"]

1. e4 c5 2. Nf3 Nc6 3. d4 cxd4 4. Nxd4 g6 5. Nc3 Bg7 6. Be3 Nf6 7. f3 0-0 8. Qd2 d5 9. Nxc6 bxc6 10. 0-0-0 Be6 11. e5 Nd7 12. f4 Qa5 13. h3 Rab8 14. Qd4 c5 15. Qa4 Qb6 16. Qa3 d4 17. Na4 Qb4 18. Qxb4 Rxb4 19. Nxc5 Nxc5 20. Bxd4 Nd7 21. a3 Rb7 22. g4 Bh6 23. Be3 Rfb8 24. b3 Rc7 25. Kb2 Bg7 26. Bg2 f6 27. exf6 Bxf6+ 28. Bd4 Rbc8 29. c4 Rb8 30. Bxf6 exf6 31. Kc3 Nc5 32. Rb1 Rd7 33. b4 Na4+ 34. Kc2 Nb6 35. c5 Nc4 36. Rbe1 Nxa3+ 37. Kc3 Bf7 0-1

[Event "SVK-chT2D 1516"]
[Site "Slovakia"]
[Date "2015.10.18"]
[Round "2.2"]
[White "Nemergut, Patrik"]
[Black "Milder, Ladislav"]
[Result "0-1"]
[WhiteElo "2041"]
[BlackElo "2046"]
[PlyCount "129"]
[EventDate "2015.10.17"]
[EventType "team-tourn"]
[EventRounds "11"]
[EventCountry "SVK"]
[SourceTitle "CBM 169 Extra"]
[Source "ChessBase"]
[SourceDate "2015.12.18"]
[SourceVersion "1"]
[SourceVersionDate "2015.12.18"]
[SourceQuality "1"]
[WhiteTeam "Stara Lubovna SO II"]
[BlackTeam "Kosice Slavia UPJS III"]
[WhiteTeamCountry "SVK"]
[BlackTeamCountry "SVK"]

1. e4 e5 2. Nf3 Nc6 3. Bc4 Be7 4. 0-0 Nf6 5. d4 d6 6. Re1 Bg4 7. Bb5 exd4 8. Qxd4 Bxf3 9. gxf3 0-0 10. Bxc6 bxc6 11. Kh1 Nh5 12. Rg1 Bf6 13. Qe3 Kh8 14. Nc3 Re8 15. f4 Qe7 16. f3 Qe6 17. Ne2 g6 18. c3 Bg7 19. Nd4 Qd7 20. Qd3 c5 21. Nc2 Qh3 22. Bd2 Re7 23. b4 c4 24. Qf1 Qxf1 25. Raxf1 c6 26. Nd4 Rc8 27. Rb1 a6 28. Nc2 Bh6 29. Rg4 f6 30. Rd1 d5 31. exd5 cxd5 32. Be3 Rce8 33. Bc5 Re2 34. Nd4 Rxa2 35. f5 Nf4 36. fxg6 Nxg6 37. Nf5 Bf4 38. Bd4 Re6 39. Ng3 Kg8 40. h4 Bxg3 41. Rxg3 Kf7 42. h5 Nf4 43. h6 Ng6 44. Bc5 Ree2 45. Rxd5 Rh2+ 46. Kg1 Rxh6 47. Rd7+ Ke6 48. Rd6+ Ke5 49. Rd1 Kf4 50. Rg2 Rxg2+ 51. Kxg2 Nh4+ 52. Kf2 Nf5 53. Be3+ Nxe3 54. Rd4+ Kg5 55. Kxe3 Rh4 56. Rd6 Rh1 57. Rxa6 Rd1 58. Ra4 h5 59. b5 h4 60. b6 h3 61. Ra5+ f5 62. f4+ Kg4 63. Ra8 Rd3+ 64. Kf2 Rd7 65. Rc8 0-1

[Event "Bardejov op"]
[Site "Bardejov"]
[Date "2015.01.01"]
[Round "9"]
[White "Juhar, Roman"]
[Black "Nemergut, Patrik"]
[Result "1-0"]
[WhiteElo "2192"]
[BlackElo "2011"]
[PlyCount "99"]
[EventDate "2014.12.26"]
[EventType "swiss"]
[EventRounds "9"]
[EventCountry "SVK"]
[SourceTitle "CBM 164 Extra"]
[Source "ChessBase"]
[SourceDate "2015.03.02"]
[SourceVersion "1"]
[SourceVersionDate "2015.03.02"]
[SourceQuality "1"]

1. e4 e5 2. Nf3 Nc6 3. Bb5 a6 4. Bxc6 dxc6 5. d4 exd4 6. Qxd4 Qxd4 7. Nxd4 Bd7 8. Be3 0-0-0 9. Nd2 c5 10. N4b3 b6 11. 0-0 Nf6 12. f3 h6 13. Rad1 Bb5 14. Rfe1 g5 15. Nf1 Bd6 16. Bf2 Be5 17. c3 Nh5 18. Ng3 Nxg3 19. Bxg3 Bxg3 20. hxg3 Rhe8 21. g4 Ba4 22. Kf2 Kb7 23. Rxd8 Rxd8 24. Ke3 Bxb3 25. axb3 Kc6 26. Rh1 Rd6 27. g3 c4 28. bxc4 Kc5 29. b3 b5 30. cxb5 axb5 31. e5 Re6 32. Ke4 b4 33. c4 Ra6 34. Rd1 Ra2 35. Rd5+ Kc6 36. Rb5 Rg2 37. Rxb4 Rxg3 38. Ra4 Kb7 39. b4 Rg1 40. b5 Re1+ 41. Kd4 Rd1+ 42. Kc5 Rd3 43. Ra6 Rxf3 44. Rf6 Rf4 45. Kd5 Rxg4 46. Rxf7 Rg1 47. e6 Re1 48. c5 Kc8 49. b6 cxb6 50. cxb6 1-0

[Event "Bardejov op"]
[Site "Bardejov"]
[Date "2014.12.28"]
[Round "4"]
[White "Nemergut, Patrik"]
[Black "Lys, Josef"]
[Result "0-1"]
[WhiteElo "2011"]
[BlackElo "2204"]
[PlyCount "104"]
[EventDate "2014.12.26"]
[EventType "swiss"]
[EventRounds "9"]
[EventCountry "SVK"]
[SourceTitle "CBM 164 Extra"]
[Source "ChessBase"]
[SourceDate "2015.03.02"]
[SourceVersion "1"]
[SourceVersionDate "2015.03.02"]
[SourceQuality "1"]

1. e4 c6 2. Nc3 d5 3. Nf3 Bg4 4. exd5 cxd5 5. Bb5+ Nc6 6. 0-0 Nf6 7. h3 Bxf3 8. Qxf3 e6 9. d3 Be7 10. Re1 0-0 11. Bxc6 bxc6 12. Bf4 Qb6 13. Rab1 Nd7 14. Qg3 Bf6 15. Bg5 c5 16. Bxf6 Nxf6 17. Qh4 Rab8 18. a3 Qc7 19. Re3 Nd7 20. Rg3 Qe5 21. Qg4 f5 22. Qa4 f4 23. Rf3 Qd6 24. d4 c4 25. Qa5 g5 26. b3 Rfc8 27. bxc4 Rxb1+ 28. Nxb1 Rxc4 29. Qd8+ Kf7 30. Qxg5 Rxd4 31. Nc3 Qe5 32. h4 Qxg5 33. hxg5 Kg6 34. Ne2 Rd1+ 35. Kh2 e5 36. Rc3 Kxg5 37. Ng1 e4 38. Nh3+ Kf5 39. Rc8 Rd2 40. Rg8 h6 41. Rd8 Nf6 42. Rf8 Rxc2 43. Nxf4 Kxf4 44. Rxf6+ Ke5 45. Rf7 a5 46. f4+ Ke6 47. Rf8 d4 48. f5+ Ke7 49. Ra8 d3 50. Ra7+ Kf6 51. Kg3 d2 52. Rd7 Rc3+ 0-1

[Event "Marianske Lazne op 13th"]
[Site "Marianske Lazne"]
[Date "2014.01.23"]
[Round "7"]
[White "Nemergut, Patrik"]
[Black "Dambrauskas, Virginijus A"]
[Result "0-1"]
[WhiteElo "1988"]
[BlackElo "2285"]
[PlyCount "84"]
[EventDate "2014.01.18"]
[EventType "swiss"]
[EventRounds "9"]
[EventCountry "CZE"]
[SourceTitle "CBM 158 Extra"]
[Source "ChessBase"]
[SourceDate "2014.02.28"]
[SourceVersion "1"]
[SourceVersionDate "2014.02.28"]
[SourceQuality "1"]

1. e4 c5 2. d4 cxd4 3. c3 d3 4. Nf3 Nc6 5. Bxd3 g6 6. 0-0 Bg7 7. Be3 Nf6 8. Qe2 d6 9. h3 0-0 10. Rd1 Qc7 11. Na3 Nd7 12. Rac1 a6 13. Bb1 b5 14. Bd4 Nxd4 15. cxd4 Qb6 16. Qc2 Bh6 17. h4 Bxc1 18. Qxc1 Kg7 19. h5 Nf6 20. h6+ Kh8 21. Qg5 Bg4 22. e5 dxe5 23. dxe5 Bxf3 24. Rd6 Qb7 25. Rxf6 Bd5 26. Nc2 Be6 27. Nd4 Qd7 28. Qf4 Rfd8 29. Nxe6 fxe6 30. Rf7 Rg8 31. Kh2 Qe8 32. Be4 Rf8 33. Rxf8+ Qxf8 34. Qg4 Qxh6+ 35. Kg3 Rf8 36. f4 g5 37. fxg5 Qg7 38. Qh4 Qxe5+ 39. Kh3 Qg7 40. Qg4 Qxb2 41. Bxh7 Kxh7 42. g6+ Kg7 0-1

[Event "Marianske Lazne op 13th"]
[Site "Marianske Lazne"]
[Date "2014.01.20"]
[Round "3"]
[White "Nemergut, Patrik"]
[Black "Nowak, Kamil"]
[Result "0-1"]
[WhiteElo "1988"]
[BlackElo "1780"]
[PlyCount "72"]
[EventDate "2014.01.18"]
[EventType "swiss"]
[EventRounds "9"]
[EventCountry "CZE"]
[SourceTitle "CBM 158 Extra"]
[Source "ChessBase"]
[SourceDate "2014.02.28"]
[SourceVersion "1"]
[SourceVersionDate "2014.02.28"]
[SourceQuality "1"]

1. e4 c5 2. d4 cxd4 3. c3 dxc3 4. Nxc3 Nc6 5. Nf3 d6 6. Bc4 a6 7. 0-0 Nf6 8. Qe2 Bg4 9. Rd1 e6 10. Bf4 Qb8 11. a4 Be7 12. Rac1 0-0 13. h3 Bxf3 14. gxf3 Ne5 15. Kh1 Nxc4 16. Qxc4 Rc8 17. Qd3 Ne8 18. Rg1 Rc5 19. Bh2 b5 20. Qe3 Qb7 21. Rg3 b4 22. Ne2 Rxc1+ 23. Qxc1 Rc8 24. Qe3 Qc7 25. f4 Qc5 26. Qf3 Qc2 27. b3 Nf6 28. e5 Ne4 29. Rg1 Qc6 30. Rg2 Bh4 31. Bg1 Nxf2+ 32. Rxf2 Bxf2 33. Qxc6 Rxc6 34. Bxf2 Rc2 35. exd6 Rxe2 36. Bc5 a5 0-1

[Event "Banska Bystrica op-B"]
[Site "Banska Bystrica"]
[Date "2013.09.14"]
[Round "6"]
[White "Nemergut, Patrik"]
[Black "Jancovic, Peter"]
[Result "0-1"]
[WhiteElo "1943"]
[BlackElo "2186"]
[PlyCount "74"]
[EventDate "2013.09.13"]
[EventType "swiss (rapid)"]
[EventRounds "9"]
[EventCountry "SVK"]
[SourceTitle "EXT 2014"]
[Source "ChessBase"]
[SourceDate "2013.11.20"]
[SourceVersion "1"]
[SourceVersionDate "2013.11.20"]
[SourceQuality "1"]

1. e4 c5 2. d4 cxd4 3. c3 Nf6 4. e5 Nd5 5. Qxd4 e6 6. Nf3 Nc6 7. Qe4 d6 8. exd6 Bxd6 9. Bd3 Nf6 10. Qe2 Qc7 11. 0-0 Bf4 12. Na3 0-0 13. Nc4 b6 14. Ne3 Bb7 15. g3 Bd6 16. Nc4 Rad8 17. Bg5 Be7 18. Rad1 b5 19. Ne3 a6 20. Bxf6 Bxf6 21. Ng4 Qe7 22. h4 g6 23. h5 Bg7 24. hxg6 hxg6 25. Kh2 e5 26. Rde1 Rfe8 27. Qc2 Nb4 28. cxb4 Bxf3 29. Be2 Ba8 30. a3 Rd4 31. Qc1 f5 32. Rd1 fxg4 33. Rxd4 exd4 34. Bxg4 Qe4 35. Bh3 d3 36. Qd2 Qe2 37. Qg5 d2 0-1

[Event "SVK-ch op"]
[Site "Banska Stiavnica"]
[Date "2013.07.14"]
[Round "9"]
[White "Nemergut, Patrik"]
[Black "Peitl, Tomas"]
[Result "1/2-1/2"]
[WhiteElo "1976"]
[BlackElo "2211"]
[PlyCount "97"]
[EventDate "2013.07.06"]
[EventType "swiss"]
[EventRounds "9"]
[EventCountry "SVK"]
[SourceTitle "CBM 155 Extra"]
[Source "ChessBase"]
[SourceDate "2013.08.26"]
[SourceVersion "1"]
[SourceVersionDate "2013.08.26"]
[SourceQuality "1"]

1. Nf3 d5 2. d4 Nf6 3. Bf4 c5 4. dxc5 Nc6 5. e3 Bg4 6. Be2 e6 7. 0-0 Bxc5 8. c3 0-0 9. Nbd2 Re8 10. h3 Bh5 11. g4 Bg6 12. Ne5 Nd7 13. Ndf3 Be4 14. Nxc6 bxc6 15. Qa4 e5 16. Bg3 Qf6 17. Nd2 Bg6 18. c4 Rad8 19. b4 Bf8 20. c5 Ra8 21. Rac1 a5 22. g5 Qxg5 23. Qxc6 Nf6 24. Kh2 axb4 25. Nf3 Qf5 26. Nxe5 Rxa2 27. Bg4 Qe4 28. Bf3 Qxe3 29. Bxd5 Rxe5 30. Bxa2 Qg5 31. Bxe5 Be4 32. Bxf7+ Kh8 33. Qxe4 Nxe4 34. Bg3 Nxc5 35. Rfe1 Qf6 36. Bd5 Nd3 37. Rc6 Nxe1 38. Rxf6 gxf6 39. f3 Nd3 40. Bc4 Nc5 41. Bf2 Nd7 42. Be6 Ne5 43. Kg2 Kg7 44. Bd4 Nd3 45. Bf5 Nf4+ 46. Kf2 Bd6 47. Be3 Nd5 48. Be6 Nc7 49. Bc4 1/2-1/2

[Event "SVK-ch op"]
[Site "Banska Stiavnica"]
[Date "2013.07.11"]
[Round "6"]
[White "Horak, Miroslav"]
[Black "Nemergut, Patrik"]
[Result "0-1"]
[WhiteElo "1823"]
[BlackElo "1976"]
[PlyCount "72"]
[EventDate "2013.07.06"]
[EventType "swiss"]
[EventRounds "9"]
[EventCountry "SVK"]
[SourceTitle "CBM 155 Extra"]
[Source "ChessBase"]
[SourceDate "2013.08.26"]
[SourceVersion "1"]
[SourceVersionDate "2013.08.26"]
[SourceQuality "1"]

1. e4 e5 2. Nf3 Nc6 3. Bb5 a6 4. Ba4 f5 5. exf5 e4 6. Qe2 Qe7 7. Bxc6 dxc6 8. Nd4 c5 9. Nb3 Bxf5 10. Nc3 0-0-0 11. Nd1 Qg5 12. Ne3 Be6 13. f3 exf3 14. gxf3 Qh4+ 15. Kd1 Nf6 16. Ng2 Qc4 17. d3 Bf7 18. Bd2 Qd5 19. Ne3 Qc6 20. Na5 Qd7 21. Nac4 Re8 22. Qf2 b5 23. Na5 Bd6 24. Qg2 Nd5 25. Re1 c6 26. Nb3 g6 27. a4 Nf4 28. Qf1 Bxb3 29. cxb3 Be5 30. Kc2 Rd8 31. Ba5 Qd4 32. Bc3 Qxd3+ 33. Qxd3 Nxd3 34. Bxe5 Nxe5 35. axb5 Nxf3 36. Rf1 Nd4+ 0-1

[Event "SVK-chT1E 1213"]
[Site "Slovakia"]
[Date "2013.02.03"]
[Round "7.4"]
[White "Koval, Anton"]
[Black "Nemergut, Patrik"]
[Result "0-1"]
[WhiteElo "2189"]
[BlackElo "1963"]
[PlyCount "64"]
[EventDate "2012.10.20"]
[EventType "team-tourn"]
[EventRounds "11"]
[EventCountry "SVK"]
[SourceTitle "EXT 2015"]
[Source "ChessBase"]
[SourceDate "2014.11.20"]
[SourceVersion "1"]
[SourceVersionDate "2014.11.20"]
[SourceQuality "1"]
[WhiteTeam "Bardejov"]
[BlackTeam "Stara Lubovna"]
[WhiteTeamCountry "SVK"]
[BlackTeamCountry "SVK"]

1. e4 e5 2. Nf3 Nc6 3. Bb5 f5 4. d3 fxe4 5. dxe4 Nf6 6. Qe2 Bc5 7. Nc3 d6 8. Bg5 a6 9. Ba4 Bg4 10. Nd5 b5 11. Bb3 Nd4 12. Qd3 Nxb3 13. axb3 c6 14. Ne3 Be6 15. 0-0 0-0 16. Rfd1 Qc7 17. Bxf6 Rxf6 18. Ng5 Bf7 19. Nxf7 Qxf7 20. Rd2 Rf8 21. f3 Qg6 22. Kh1 Qh5 23. Ng4 Rf4 24. h3 Qh4 25. Nh2 a5 26. c3 h5 27. Rdd1 g5 28. Rxa5 g4 29. b4 gxh3 30. bxc5 hxg2+ 31. Kxg2 Kh8 32. Rg1 Rg8+ 0-1

[Event "SVK-chT1E 1213"]
[Site "Slovakia"]
[Date "2013.01.12"]
[Round "5.4"]
[White "Nemergut, Patrik"]
[Black "Istona, Martin"]
[Result "1-0"]
[WhiteElo "1963"]
[BlackElo "2071"]
[PlyCount "67"]
[EventDate "2012.10.20"]
[EventType "team-tourn"]
[EventRounds "11"]
[EventCountry "SVK"]
[SourceTitle "EXT 2015"]
[Source "ChessBase"]
[SourceDate "2014.11.20"]
[SourceVersion "1"]
[SourceVersionDate "2014.11.20"]
[SourceQuality "1"]
[WhiteTeam "Stara Lubovna"]
[BlackTeam "Sabinov"]
[WhiteTeamCountry "SVK"]
[BlackTeamCountry "SVK"]

1. e4 c5 2. d4 cxd4 3. c3 dxc3 4. Nxc3 e6 5. Nf3 a6 6. Bc4 b5 7. Bb3 Bb7 8. 0-0 d6 9. Qe2 Nd7 10. a3 Be7 11. Rd1 Ngf6 12. Bf4 Qb8 13. Rac1 0-0 14. h3 Rc8 15. g4 Ne5 16. Nd2 Ng6 17. Bg3 Qa7 18. Kh2 e5 19. Qf3 Nf4 20. Bxf4 exf4 21. Qxf4 h6 22. Rg1 Rc5 23. Nf1 d5 24. e5 Ne4 25. Nxe4 Rxc1 26. Qxc1 dxe4 27. Qf4 Qb6 28. Bxf7+ Kh8 29. Ng3 Rf8 30. e6 Bg5 31. Qe5 Qd4 32. b4 e3 33. Qc5 Qd8 34. Rd1 1-0

[Event "SVK-chT2D 1213"]
[Site "Slovakia"]
[Date "2012.12.15"]
[Round "5.8"]
[White "Macejko, Miroslav"]
[Black "Nemergut, Patrik"]
[Result "1-0"]
[WhiteElo "1684"]
[BlackElo "1963"]
[PlyCount "111"]
[EventDate "2012.10.13"]
[EventType "team-tourn"]
[EventRounds "11"]
[EventCountry "SVK"]
[SourceTitle "EXT 2015"]
[Source "ChessBase"]
[SourceDate "2014.11.20"]
[SourceVersion "1"]
[SourceVersionDate "2014.11.20"]
[SourceQuality "1"]
[WhiteTeam "Prakovce"]
[BlackTeam "Kezmarok II"]
[WhiteTeamCountry "SVK"]
[BlackTeamCountry "SVK"]

1. d4 d5 2. Bf4 Nf6 3. h3 Bf5 4. e3 e6 5. a3 Bd6 6. Bxd6 Qxd6 7. Nf3 Nbd7 8. Be2 h6 9. Nbd2 0-0 10. 0-0 Kh8 11. Nh2 c5 12. c3 Rac8 13. Rc1 c4 14. a4 Ne4 15. Nxe4 Bxe4 16. b3 cxb3 17. Qxb3 Qb6 18. Qb4 Rc7 19. Bb5 a6 20. Bxd7 Qxb4 21. cxb4 Rxd7 22. Rc3 f6 23. Rfc1 e5 24. Rc7 Rff7 25. Rxd7 Rxd7 26. a5 Kg8 27. f3 Bd3 28. Rc5 Kf7 29. dxe5 fxe5 30. Ng4 Ke6 31. Kf2 h5 32. Nh2 Kd6 33. f4 exf4 34. exf4 Rc7 35. Rxc7 Kxc7 36. Ke3 Be4 37. g3 Kc6 38. Kd4 Bg2 39. h4 Kb5 40. Kc3 g6 41. g4 d4+ 42. Kxd4 Kxb4 43. f5 hxg4 44. f6 g3 45. Ng4 Bd5 46. Kxd5 g2 47. f7 g1Q 48. f8Q+ Kxa5 49. Qc5+ Qxc5+ 50. Kxc5 b5 51. Ne5 Ka4 52. Nxg6 b4 53. Ne5 Kb3 54. Nc4 Kc3 55. h5 b3 56. h6 1-0

[Event "SVK-chT1E 1213"]
[Site "Slovakia"]
[Date "2012.12.09"]
[Round "4.6"]
[White "Pal, Peter"]
[Black "Nemergut, Patrik"]
[Result "1-0"]
[WhiteElo "2104"]
[BlackElo "1963"]
[PlyCount "95"]
[EventDate "2012.10.20"]
[EventType "team-tourn"]
[EventRounds "11"]
[EventCountry "SVK"]
[SourceTitle "EXT 2014"]
[Source "ChessBase"]
[SourceDate "2013.11.20"]
[SourceVersion "1"]
[SourceVersionDate "2013.11.20"]
[SourceQuality "1"]
[WhiteTeam "Filakovo"]
[BlackTeam "Stara Lubovna"]
[WhiteTeamCountry "SVK"]
[BlackTeamCountry "SVK"]

1. Nf3 Nf6 2. c4 g6 3. g3 Bg7 4. Bg2 0-0 5. 0-0 c6 6. Nc3 d5 7. cxd5 cxd5 8. d4 Nc6 9. e3 Bf5 10. a3 Rc8 11. Ne5 Nd7 12. Nxd7 Qxd7 13. Nxd5 e5 14. dxe5 Nxe5 15. e4 Be6 16. Rb1 Rfe8 17. Be3 Nc6 18. b4 f5 19. exf5 Bxf5 20. Qb3 Kh8 21. Rbd1 Qf7 22. Qa4 a6 23. b5 Ne5 24. Rc1 axb5 25. Qa7 Ra8 26. Qb6 Ra7 27. Qc7 Rxa3 28. Qxf7 Nxf7 29. Nc7 Rexe3 30. fxe3 Rxe3 31. g4 Bxg4 32. Rxf7 Bd4 33. Kh1 Re5 34. h3 Bf5 35. Rd1 Kg8 36. Rxf5 Rxf5 37. Rxd4 Kg7 38. Rb4 Kh6 39. Nxb5 g5 40. Nd6 Rf6 41. Nxb7 Kh5 42. Nc5 h6 43. Ne4 Ra6 44. Kh2 Ra3 45. Rb6 g4 46. Nf6+ Kh4 47. hxg4 Ra4 48. Rb5 1-0

[Event "SVK-chT1E 1213"]
[Site "Slovakia"]
[Date "2012.10.21"]
[Round "2.6"]
[White "Nemergut, Patrik"]
[Black "Salata, Tibor"]
[Result "1-0"]
[WhiteElo "1963"]
[BlackElo "1935"]
[PlyCount "77"]
[EventDate "2012.10.20"]
[EventType "team-tourn"]
[EventRounds "11"]
[EventCountry "SVK"]
[SourceTitle "EXT 2014"]
[Source "ChessBase"]
[SourceDate "2013.11.20"]
[SourceVersion "1"]
[SourceVersionDate "2013.11.20"]
[SourceQuality "1"]
[WhiteTeam "Stara Lubovna"]
[BlackTeam "Rajecke Teplice"]
[WhiteTeamCountry "SVK"]
[BlackTeamCountry "SVK"]

1. e4 e5 2. Nf3 Nc6 3. Bc4 Bc5 4. d3 Nf6 5. c3 d6 6. 0-0 a6 7. Bg5 h6 8. Bh4 Ba7 9. Bb3 Ne7 10. Bxf6 gxf6 11. d4 Ng6 12. Nbd2 Qe7 13. Nc4 Rg8 14. Ne3 Nf4 15. g3 Be6 16. Kh1 Nh3 17. Nh4 0-0-0 18. Nhf5 Bxf5 19. Nxf5 Qf8 20. Qh5 Ng5 21. f3 Ne6 22. Qxh6 Qxh6 23. Nxh6 Rgf8 24. Nxf7 Rde8 25. Bxe6+ Rxe6 26. d5 Re7 27. Nh6 Rh7 28. Nf5 Rfh8 29. h4 Kd7 30. Kg2 b5 31. a4 Bb6 32. Rh1 c6 33. dxc6+ Kxc6 34. Rhd1 Rd8 35. Rd5 Rh5 36. Rad1 Rxf5 37. axb5+ axb5 38. exf5 b4 39. cxb4 1-0